000 00858nam a2200217Ia 4500
001 19217
005 20260316163549.0
008 260306s9999||||xx |||||||||||||| ||und||
041 _aESP
082 _a658.804
_bC38
100 _aCavani Grau, Carlos
_eAUT
245 0 _aMarketing:
_benfoque antropológico histórico y social
260 _c2018
300 _axxvi, 207 páginas :
_c24 cm.
650 _aGEN
654 _aCAN
856 _uhttps://itmsp.museknowledge.com/UCSP?url=https://www.ebooks7-24.com:443/?il=8845&pg=1
_zVersión digital
856 _uhttps://0u213sna4-y-https-ebooks7--24-com.itmsp.museknowledge.com/biblioteca.aspx
_zVéase además: Base de datos Ebook7-24
856 _uhttps://0u20fsna6-y-https-research-ebsco-com.itmsp.museknowledge.com/c/qxo6us/search
_zVéase además: Base de datos EBSCOhost
942 _cLIB
_dJUS
_fJUS
_2ddc
999 _c19217
_d19217